[Event "TUR-chT2"]
[Site "Konya"]
[Date "2017.07.15"]
[Round "9.2"]
[White "Kus, Koksal"]
[Black "Angun, Batu"]
[Result "0-1"]
[WhiteElo "1961"]
[BlackElo "2037"]
[PlyCount "74"]
[EventDate "2017.07.09"]
[EventType "team-swiss"]
[EventRounds "9"]
[EventCountry "TUR"]
[SourceTitle "CBM 179 Extra"]
[Source "ChessBase"]
[SourceDate "2017.08.23"]
[SourceVersion "1"]
[SourceVersionDate "2017.08.23"]
[SourceQuality "1"]
[WhiteTeam "Masal Diyari"]
[BlackTeam "Pendik Dernegi"]
[WhiteTeamCountry "TUR"]
[BlackTeamCountry "TUR"]

1. e4 c5 2. Nf3 e6 3. d4 cxd4 4. Nxd4 Nc6 5. Be3 Qc7 6. Nc3 a6 7. Be2 Nf6 8. 0-0 Be7 9. Qd2 0-0 10. f4 d6 11. Bf3 Rb8 12. Rad1 Na5 13. Qe1 Nc4 14. Bc1 b5 15. b3 Nb6 16. Kh1 b4 17. e5 Ne8 18. exd6 Bxd6 19. Nce2 Bb7 20. Bxb7 Rxb7 21. Bb2 Nd5 22. Qd2 Nef6 23. Qd3 Nxf4 24. Nxf4 Bxf4 25. Nf3 Ng4 26. g3 Bh6 27. Bc1 Bxc1 28. Rxc1 Rd8 29. Qe4 Nf6 30. Qe2 Qc6 31. Qg2 Rc7 32. Rfe1 h6 33. Re2 Qc3 34. Qf1 Rc5 35. Qe1 Qxf3+ 36. Kg1 Rf5 37. Rd2 Qf1+ 0-1

[Event "TUR-chT2"]
[Site "Konya"]
[Date "2017.07.13"]
[Round "7.8"]
[White "Kus, Koksal"]
[Black "Guner, Sati Emre"]
[Result "1/2-1/2"]
[WhiteElo "1961"]
[BlackElo "1954"]
[PlyCount "134"]
[EventDate "2017.07.09"]
[EventType "team-swiss"]
[EventRounds "9"]
[EventCountry "TUR"]
[SourceTitle "CBM 179 Extra"]
[Source "ChessBase"]
[SourceDate "2017.08.23"]
[SourceVersion "1"]
[SourceVersionDate "2017.08.23"]
[SourceQuality "1"]
[WhiteTeam "Masal Diyari"]
[BlackTeam "Cesme Yelken"]
[WhiteTeamCountry "TUR"]
[BlackTeamCountry "TUR"]

1. Nf3 d5 2. g3 g6 3. Bg2 Bg7 4. 0-0 e5 5. d3 Ne7 6. Nbd2 0-0 7. c3 a5 8. a4 Nbc6 9. e4 h6 10. Qc2 Be6 11. Re1 Qd7 12. exd5 Bxd5 13. Nc4 e4 14. Nfd2 exd3 15. Qxd3 Rad8 16. Nf3 Rfe8 17. Qf1 Nf5 18. Ne3 Be4 19. Qb5 Bxf3 20. Bxf3 Ncd4 21. cxd4 Nxd4 22. Qxb7 c6 23. Bxc6 Qxc6 24. Qxc6 Nxc6 25. Rb1 Nd4 26. Kg2 Nb3 27. Rd1 Rd4 28. Rxd4 Bxd4 29. Nc2 Bxf2 30. Kxf2 Rc8 31. Na1 Nxc1 32. Ke3 Na2 33. Nb3 Rc4 34. Nxa5 Rxa4 35. Nc6 Rc4 36. Nd4 Nb4 37. Rd1 Kf8 38. Ne2 Rc2 39. Rd2 Rc5 40. Nc3 Ke7 41. Kd4 Rc8 42. Re2+ Kd7 43. Rf2 f5 44. Re2 Nc6+ 45. Kd3 Kd6 46. Nb5+ Kc5 47. Nc3 Rd8+ 48. Ke3 Kc4 49. Kf2 Rd6 50. Kg2 Nb4 51. Nb1 Nd5 52. Nd2+ Kd3 53. Rf2 Ne3+ 54. Kg1 Nd1 55. Rg2 Nxb2 56. Nf3 Nc4 57. h3 Ke3 58. Nh4 Ne5 59. Rf2 Rd1+ 60. Kg2 Rd2 61. Rxd2 Kxd2 62. Kf2 Kd3 63. Ng2 Ke4 64. Ke2 g5 65. Kf2 Ng6 66. Ne3 f4 67. Ng4 fxg3+ 1/2-1/2

[Event "TUR-chT2"]
[Site "Konya"]
[Date "2017.07.12"]
[Round "5.7"]
[White "Kus, Koksal"]
[Black "Hatipli, Mehmet"]
[Result "1/2-1/2"]
[WhiteElo "1961"]
[BlackElo "1871"]
[PlyCount "168"]
[EventDate "2017.07.09"]
[EventType "team-swiss"]
[EventRounds "9"]
[EventCountry "TUR"]
[SourceTitle "CBM 179 Extra"]
[Source "ChessBase"]
[SourceDate "2017.08.23"]
[SourceVersion "1"]
[SourceVersionDate "2017.08.23"]
[SourceQuality "1"]
[WhiteTeam "Masal Diyari"]
[BlackTeam "Burhaniye"]
[WhiteTeamCountry "TUR"]
[BlackTeamCountry "TUR"]

1. Nf3 d5 2. g3 Nf6 3. Bg2 Bf5 4. 0-0 e6 5. d3 h6 6. c4 c6 7. Nc3 Be7 8. Re1 Bh7 9. cxd5 cxd5 10. Qb3 Qb6 11. Qxb6 axb6 12. Bd2 0-0 13. Nb5 Nc6 14. Bc3 Nb4 15. Bxb4 Bxb4 16. Rec1 Rfc8 17. a3 Be7 18. Ne5 Bf5 19. b4 Ne8 20. Nd7 Rd8 21. Nxb6 Ra6 22. Nc8 Bf6 23. Ra2 e5 24. Rac2 e4 25. dxe4 dxe4 26. Rc5 Rc6 27. Nca7 Rxc5 28. bxc5 Bb2 29. Re1 Rd5 30. g4 Bg6 31. Rb1 Be5 32. c6 bxc6 33. Nxc6 Bf6 34. e3 Rd2 35. Ncd4 Bh4 36. Rf1 Nf6 37. h3 Nd7 38. Nd6 Nc5 39. N6f5 Bxf5 40. Nxf5 Bf6 41. Rc1 Rd5 42. Rb1 g6 43. Ng3 Rd3 44. Nxe4 Nxe4 45. Bxe4 Rxa3 46. Rb7 Kf8 47. Bd5 Be7 48. Kg2 Ra5 49. Bb3 Rc5 50. Kg3 h5 51. f4 hxg4 52. hxg4 Rc3 53. Kf3 Rc6 54. Bd5 Rc5 55. Bb3 Rc1 56. g5 Rc3 57. Bd5 Rc5 58. e4 Rc3+ 59. Kg4 Rc1 60. Rb8+ Kg7 61. Re8 Bd6 62. e5 Bb4 63. Rb8 Be7 64. Rb7 Kf8 65. e6 Rg1+ 66. Kf3 fxe6 67. Bxe6 Rf1+ 68. Kg3 Rg1+ 69. Kf2 Rd1 70. Rb8+ Rd8 71. Rb3 Rd6 72. Bc4 Rd4 73. Rb8+ Rd8 74. Rxd8+ Bxd8 75. Kf3 Kg7 76. Kg4 Ba5 77. Bd3 Bd2 78. Bxg6 Kxg6 79. f5+ Kg7 80. Kh5 Bxg5 81. Kxg5 Kf7 82. Kg4 Kf6 83. Kf4 Kf7 84. Ke5 Ke7 1/2-1/2

[Event "TUR-chT2"]
[Site "Konya"]
[Date "2017.07.11"]
[Round "4.4"]
[White "Sabahi, Ali Can"]
[Black "Kus, Koksal"]
[Result "0-1"]
[WhiteElo "1879"]
[BlackElo "1961"]
[PlyCount "74"]
[EventDate "2017.07.09"]
[EventType "team-swiss"]
[EventRounds "9"]
[EventCountry "TUR"]
[SourceTitle "CBM 179 Extra"]
[Source "ChessBase"]
[SourceDate "2017.08.23"]
[SourceVersion "1"]
[SourceVersionDate "2017.08.23"]
[SourceQuality "1"]
[WhiteTeam "Hamle Adana"]
[BlackTeam "Masal Diyari"]
[WhiteTeamCountry "TUR"]
[BlackTeamCountry "TUR"]

1. e4 c5 2. Nf3 d6 3. d4 cxd4 4. Nxd4 Nf6 5. Nc3 a6 6. Be2 e5 7. Nb3 Be7 8. Be3 Be6 9. Nd5 Nxd5 10. exd5 Bf5 11. Qd2 Nd7 12. c4 b6 13. 0-0 0-0 14. f4 exf4 15. Bxf4 Qc7 16. Nd4 Bg6 17. Rac1 Nc5 18. b4 Ne4 19. Qd1 Bf6 20. Bf3 Rfe8 21. Ne2 Qd7 22. Re1 Ng5 23. Qb3 Rac8 24. Bg3 Nxf3+ 25. Qxf3 Bb2 26. Rcd1 Rxc4 27. Qb3 Rc2 28. Nf4 Rxe1+ 29. Bxe1 Qg4 30. Qe3 Be5 31. Rd4 Rxg2+ 32. Kf1 Rxh2 33. Bg3 Rxa2 34. Ne2 Qh3+ 35. Ke1 Qh1+ 36. Kf2 Bxd4 37. Qxd4 Bh5 0-1

[Event "TUR-chT2"]
[Site "Konya"]
[Date "2017.07.10"]
[Round "2.12"]
[White "Erdem, Salih"]
[Black "Kus, Koksal"]
[Result "0-1"]
[WhiteElo "1595"]
[BlackElo "1961"]
[PlyCount "126"]
[EventDate "2017.07.09"]
[EventType "team-swiss"]
[EventRounds "9"]
[EventCountry "TUR"]
[SourceTitle "CBM 179 Extra"]
[Source "ChessBase"]
[SourceDate "2017.08.23"]
[SourceVersion "1"]
[SourceVersionDate "2017.08.23"]
[SourceQuality "1"]
[WhiteTeam "Ataturk Univ"]
[BlackTeam "Masal Diyari"]
[WhiteTeamCountry "TUR"]
[BlackTeamCountry "TUR"]

1. e4 c5 2. Nf3 d6 3. d4 cxd4 4. Nxd4 Nf6 5. Nc3 a6 6. Be2 e5 7. Nb3 Be6 8. Bg5 Nbd7 9. 0-0 Be7 10. Re1 0-0 11. Qd2 Rc8 12. Rad1 Re8 13. Bf1 Qc7 14. h3 b5 15. a3 Bc4 16. Nc1 Bxf1 17. Rxf1 Qc6 18. Rfe1 a5 19. Bxf6 Nxf6 20. Re2 Qc4 21. Qd3 b4 22. Qxc4 Rxc4 23. axb4 axb4 24. Nd5 Nxd5 25. Rxd5 Rec8 26. Na2 Rxc2 27. Rxc2 Rxc2 28. Nxb4 Rxb2 29. Nc6 Bf8 30. Na5 Rb4 31. f3 g6 32. g4 Kg7 33. Rd3 Kf6 34. h4 h6 35. Nb3 Ke6 36. Nd2 f5 37. Ra3 fxg4 38. fxg4 Rd4 39. Ra2 Be7 40. Kg2 Rb4 41. Kg3 Rd4 42. Kg2 Bd8 43. g5 hxg5 44. hxg5 Be7 45. Rb2 d5 46. exd5+ Rxd5 47. Kg3 Bxg5 48. Rb6+ Kf5 49. Nc4 Rd3+ 50. Kg2 Bf4 51. Nd6+ Kg4 52. Ne4 Ra3 53. Rb2 Re3 54. Nf2+ Kf5 55. Rb8 Rg3+ 56. Kf1 g5 57. Rf8+ Ke6 58. Ne4 Re3 59. Re8+ Kf7 60. Nd6+ Kg6 61. Re6+ Kh5 62. Ne8 Kg4 63. Nf6+ Kf3 0-1